000 01672nam a2200493 i 4500
001 45829
003 KOSZ 005
005 20210527094033.0
008 011026s2002 pl a f f |000 0 pol
015 _aUWD 2002/7453
020 _a8372440727
035 _a991018183039705066
035 _a(PL-WaBN)b14927603-48omnis_nlop
035 _ab14927603
035 _a(OCoLC)749532706
035 _azz2004965259
035 _a(PL)b0000001492760
035 _a(EXLNZ-48OMNIS_NETWORK)9910279116805606
040 _aWA N
_cWA N
_dKOSZ 005/HR
080 _a528
080 _a(075.8)
100 1 _aKosiński, Wiesław
_c(geodezja)
_eAutor
245 1 0 _aGeodezja /
_cWiesław Kosiński.
250 _aWyd. 4.
260 _aWarszawa :
_bWydaw. SGGW [Szkoły Głównej Gospodarstwa Wiejskiego],
_c2002.
300 _a377, [2] s. :
_bil., 3 mapy ;
_c24 cm +
_eCD ROM.
336 _aTekst
_btxt
_2rdacontent
337 _aBez urządzenia pośredniczącego
_bn
_2rdamedia
338 _aWolumin
_bnc
_2rdacarrier
380 _aKsiążki
380 _aPublikacje dydaktyczne
385 _mPoziom nauczania
_aSzkoły wyższe
388 _a2001-
504 _aBibliogr.
521 8 _aDla studentów kier. budownictwo i inżynieria środowiska.
650 7 _aGeodezja
_2DBN
655 7 _aPodręczniki akademickie
_2DBN
658 _aGeografia i nauki o Ziemi
710 2 _aWydawnictwo SGGW
_4pbl
856 _uhttp://koha.tu.koszalin.pl/cgi-bin/koha/opac-detail.pl?biblionumber=45829
_yKatalog online BPK
856 _uhttp://libra.ibuk.pl/reader/geodezja-wieslaw-kosinski-2181
_yIBUK
942 _2UKD
_cKS
999 _c45829
_d45829